Ancien logo de club de football #1 - Statistiques

Statistiques générales
  • Ce quiz a été pris 115 fois
  • Le résultat moyen est 5 sur 12
Statistiques - réponses
Par images Réponse % Correct
Saint-Etienne
94%
Liverpool
87%
Nantes
84%
Juventus
63%
Barcelone
49%
Bayern Munich
42%
Napoli
26%
Etoile Rouge de Belgrade
24%
Majorque
16%
Losc
12%
Stade Malherbe Caen
8%
Sunderland
7%
Aucun quiz correspondant
Distribution des résultats
% des personnes avec chaque résultat
Percentile par nombre de réponses
Votre historique - résultats
Vous n’avez pas pris ce quiz